[Event "GER CupT 1819 prel6"]
[Site "Horben"]
[Date "2019.01.26"]
[Round "1.1"]
[White "Buttenmueller, Thomas"]
[Black "Braun, Georg"]
[Result "1/2-1/2"]
[WhiteElo "2250"]
[BlackElo "2300"]
[PlyCount "86"]
[EventDate "2019.01.26"]
[EventType "team-k.o."]
[EventRounds "2"]
[EventCountry "GER"]
[SourceTitle "EXT 2021"]
[Source "ChessBase"]
[SourceDate "2020.10.23"]
[SourceVersion "1"]
[SourceVersionDate "2020.10.23"]
[SourceQuality "1"]
[WhiteTeam "Horben"]
[BlackTeam "Bebenhausen"]
[WhiteTeamCountry "GER"]
[BlackTeamCountry "GER"]

1. Nf3 Nf6 2. c4 c5 3. Nc3 Nc6 4. d4 cxd4 5. Nxd4 g6 6. e4 d6 7. Be2 Nxd4 8. Qxd4 Bg7 9. Be3 0-0 10. Qd2 Be6 11. 0-0 Qa5 12. f3 Rfc8 13. b3 Ng4 14. Bd4 Bxd4+ 15. Qxd4 Qe5 16. Qxe5 Nxe5 17. f4 Nc6 18. Rac1 f6 19. Kf2 Kg7 20. Ke3 Rab8 21. h3 g5 22. f5 Bf7 23. Nb5 a6 24. Nd4 Ne5 25. a4 h5 26. h4 g4 27. g3 Rc7 28. Rc2 Rbc8 29. Rfc1 Kf8 30. Bd3 Ke8 31. Rd1 Nc6 32. Rb2 Nb4 33. Rbd2 Rc5 34. Bb1 Re5 35. Kf2 Kd8 36. Re2 Kc7 37. Red2 Kb6 38. Re2 Ka5 39. Bd3 Rc7 40. Re3 Nc6 41. Nc2 Nb4 42. Nd4 Nc6 43. Nc2 Nb4 1/2-1/2

[Event "GER CupT Baden final"]
[Site "Horben"]
[Date "2018.07.22"]
[Round "5.2"]
[White "Buttenmueller, Thomas"]
[Black "Miezis, Normunds"]
[Result "1/2-1/2"]
[WhiteElo "2250"]
[BlackElo "2468"]
[PlyCount "75"]
[EventDate "2018.07.21"]
[EventType "team-k.o."]
[EventRounds "5"]
[EventCountry "GER"]
[SourceTitle "CBM 186 Extra"]
[Source "ChessBase"]
[SourceDate "2018.08.24"]
[SourceVersion "1"]
[SourceVersionDate "2018.08.24"]
[SourceQuality "1"]
[WhiteTeam "Horben"]
[BlackTeam "Emmendingen"]
[WhiteTeamCountry "GER"]
[BlackTeamCountry "GER"]

1. Nf3 c5 2. c4 Nc6 3. d4 cxd4 4. Nxd4 f5 5. b3 Nf6 6. Bb2 Nxd4 7. Qxd4 e6 8. g3 Qc7 9. Bg2 Bc5 10. Qd3 0-0 11. 0-0 d6 12. Nc3 Bd7 13. Rac1 Qb6 14. e3 Bc6 15. Bxc6 Qxc6 16. Na4 Bb4 17. a3 Ba5 18. c5 d5 19. Nc3 e5 20. Qxf5 Bc7 21. Qd3 e4 22. Qd1 Rad8 23. Ne2 Ng4 24. Nf4 Qd7 25. h3 Nh6 26. Kg2 Bxf4 27. gxf4 Nf5 28. Qg4 Rde8 29. Rg1 Re6 30. Kh2 Rf7 31. Rcd1 Rh6 32. b4 a6 33. Be5 Rh4 34. Qg5 Rh6 35. Qg4 Rh4 36. Qg5 Rh6 37. Qg4 Rh4 38. Qg5 1/2-1/2

[Event "Verbandsliga Sued Baden 1314"]
[Site "Germany"]
[Date "2014.03.09"]
[Round "7.1"]
[White "Schmidt Schaeffer, Sebastian"]
[Black "Buttenmueller, Thomas"]
[Result "1-0"]
[WhiteElo "2365"]
[BlackElo "2183"]
[PlyCount "79"]
[EventDate "2013.10.20"]
[EventType "team-tourn"]
[EventRounds "9"]
[EventCountry "GER"]
[SourceTitle "EXT 2015"]
[Source "ChessBase"]
[SourceDate "2014.11.20"]
[SourceVersion "1"]
[SourceVersionDate "2014.11.20"]
[SourceQuality "1"]
[WhiteTeam "Brombach"]
[BlackTeam "Horben"]
[WhiteTeamCountry "GER"]
[BlackTeamCountry "GER"]

1. f4 g6 2. Nf3 Bg7 3. d4 d5 4. e3 Nh6 5. Be2 Nd7 6. 0-0 0-0 7. Nc3 c6 8. e4 dxe4 9. Nxe4 Nf6 10. Nxf6+ Bxf6 11. Ne5 Bg7 12. c3 f6 13. Bc4+ Kh8 14. Nd3 Qd6 15. Re1 b5 16. Bb3 Bg4 17. Qd2 Bf5 18. a4 a6 19. h3 Rad8 20. axb5 axb5 21. Nc5 Ra8 22. Rxa8 Rxa8 23. Qe2 Ra1 24. g4 Bc8 25. Qxe7 Qxe7 26. Rxe7 Rxc1+ 27. Kg2 Bf8 28. Re8 Kg7 29. Nd3 Bxg4 30. Nxc1 Bf5 31. Ne2 Nf7 32. Ng3 Bd7 33. Ra8 Bd6 34. Ra7 Be8 35. Ne4 Bxf4 36. Nc5 g5 37. Ne6+ Kg6 38. Bc2+ Kh6 39. Re7 Nd6 40. Rxh7# 1-0

[Event "Basel op"]
[Site "Basel"]
[Date "2014.01.02"]
[Round "3"]
[White "Buttenmueller, Thomas"]
[Black "Terraz, Christian"]
[Result "1-0"]
[WhiteElo "2143"]
[BlackElo "2079"]
[PlyCount "65"]
[EventDate "2014.01.01"]
[EventType "swiss"]
[EventRounds "7"]
[EventCountry "SUI"]
[SourceTitle "CBM 158 Extra"]
[Source "ChessBase"]
[SourceDate "2014.02.28"]
[SourceVersion "1"]
[SourceVersionDate "2014.02.28"]
[SourceQuality "1"]

1. Nf3 d6 2. d4 Nf6 3. c4 g6 4. Bf4 Bg7 5. h3 0-0 6. e3 Nbd7 7. Be2 Qe8 8. Nc3 c6 9. 0-0 e5 10. Bh2 Qe7 11. b4 Ne8 12. Rc1 e4 13. Nd2 f5 14. a4 Ndf6 15. b5 h5 16. a5 Bh6 17. c5 d5 18. a6 f4 19. axb7 Bxb7 20. Bxf4 Bxf4 21. exf4 Nh7 22. Qb3 e3 23. bxc6 Bxc6 24. Nxd5 Bxd5 25. Qxd5+ Kg7 26. Nf3 Rd8 27. Qe5+ Qxe5 28. fxe5 exf2+ 29. Rxf2 Nc7 30. Ra1 Ne6 31. Rxa7+ Kh6 32. c6 Nxd4 33. Nxd4 1-0

[Event "Basel op"]
[Site "Basel"]
[Date "2014.01.01"]
[Round "1"]
[White "Buttenmueller, Thomas"]
[Black "Bartel, Mateusz"]
[Result "0-1"]
[WhiteElo "2143"]
[BlackElo "2650"]
[PlyCount "96"]
[EventDate "2014.01.01"]
[EventType "swiss"]
[EventRounds "7"]
[EventCountry "SUI"]
[SourceTitle "CBM 158 Extra"]
[Source "ChessBase"]
[SourceDate "2014.02.28"]
[SourceVersion "1"]
[SourceVersionDate "2014.02.28"]
[SourceQuality "1"]

1. d4 Nf6 2. Nf3 b6 3. g3 Bb7 4. Bg2 c5 5. 0-0 cxd4 6. Qxd4 Nc6 7. Qa4 Qc8 8. Bg5 e6 9. Bxf6 gxf6 10. Rd1 Be7 11. Nbd2 Qc7 12. Rac1 0-0 13. Qh4 Kg7 14. c4 Rg8 15. Qh5 Raf8 16. a3 Kh8 17. e4 Ne5 18. b4 a5 19. bxa5 bxa5 20. Nxe5 fxe5 21. c5 f6 22. Nc4 Bc6 23. Nd6 Rg6 24. Qe2 Rb8 25. Qd2 Ba4 26. Rf1 Rgg8 27. f4 Bxd6 28. cxd6 Qb6+ 29. Kh1 Qd4 30. Qxa5 exf4 31. Rxf4 Bc6 32. Qc3 Qxc3 33. Rxc3 Rb1+ 34. Rf1 Rxf1+ 35. Bxf1 f5 36. Kg1 fxe4 37. Bh3 Re8 38. Kf2 Kg7 39. Ke3 Kf6 40. Kf4 Ra8 41. Bg2 Ra4 42. Re3 h5 43. g4 hxg4 44. Kxg4 Ke5 45. h4 Ra8 46. h5 Rg8+ 47. Kh3 Rg5 48. a4 Kf4 0-1

[Event "Verbandsliga Sued Baden 1112"]
[Site "Germany"]
[Date "2012.03.04"]
[Round "7.3"]
[White "Buttenmueller, Thomas"]
[Black "Eiler, Joerg"]
[Result "0-1"]
[WhiteElo "2156"]
[BlackElo "2106"]
[PlyCount "72"]
[EventDate "2011.10.09"]
[EventType "team-tourn"]
[EventRounds "9"]
[EventCountry "GER"]
[SourceTitle "EXT 2013"]
[Source "ChessBase"]
[SourceDate "2012.11.22"]
[SourceVersion "1"]
[SourceVersionDate "2012.11.22"]
[SourceQuality "1"]
[WhiteTeam "Horben"]
[BlackTeam "Iffezheim"]
[WhiteTeamCountry "GER"]
[BlackTeamCountry "GER"]

1. c4 c5 2. Nf3 Nc6 3. d4 cxd4 4. Nxd4 Nf6 5. g3 g6 6. Bg2 Bg7 7. Nc3 0-0 8. 0-0 Nxd4 9. Qxd4 d6 10. Qh4 Rb8 11. Bh6 Bxh6 12. Qxh6 Be6 13. Rfd1 Qb6 14. Qh4 Qxb2 15. Qd4 Rfc8 16. Rab1 Qa3 17. Nb5 Qxa2 18. Nxd6 Rd8 19. c5 Kg7 20. g4 h6 21. h4 Bxg4 22. Qc4 Qxc4 23. Nxc4 Rxd1+ 24. Rxd1 Bxe2 25. Rc1 Bxc4 26. Rxc4 e6 27. Rb4 Rc8 28. Rxb7 Rxc5 29. Rxa7 Rc4 30. Bh3 Ng4 31. f3 Rc1+ 32. Kg2 Ne3+ 33. Kf2 Nf5 34. h5 Rc2+ 35. Kg1 Kf6 36. hxg6 fxg6 0-1

[Event "Verbandsliga Sued Baden 1112"]
[Site "Germany"]
[Date "2011.10.09"]
[Round "1.3"]
[White "Buttenmueller, Thomas"]
[Black "Fien, Andreas"]
[Result "0-1"]
[WhiteElo "2170"]
[BlackElo "2150"]
[PlyCount "56"]
[EventDate "2011.10.09"]
[EventType "team-tourn"]
[EventRounds "9"]
[EventCountry "GER"]
[SourceTitle "EXT 2013"]
[Source "ChessBase"]
[SourceDate "2012.11.22"]
[SourceVersion "1"]
[SourceVersionDate "2012.11.22"]
[SourceQuality "1"]
[WhiteTeam "Horben"]
[BlackTeam "Lahr"]
[WhiteTeamCountry "GER"]
[BlackTeamCountry "GER"]

1. d4 Nf6 2. Nf3 e6 3. g3 c5 4. Bg2 cxd4 5. Nxd4 Nc6 6. 0-0 Bc5 7. Nb3 Be7 8. c4 0-0 9. e4 d5 10. cxd5 exd5 11. exd5 Nb4 12. Nc3 Bg4 13. Qd2 Bf5 14. a3 Nd3 15. Nd4 Bg6 16. Nf3 Nc5 17. Qd1 Bd3 18. Re1 Ba6 19. b4 Nd3 20. Re3 Nxf2 21. Kxf2 Ng4+ 22. Kg1 Bf6 23. Qe1 Rc8 24. Bd2 Nxe3 25. Qxe3 Re8 26. Qxa7 Bxc3 27. Bxc3 Rxc3 28. Nd4 Qg5 0-1

[Event "Verbandsliga Sued Baden 1011"]
[Site "Baden"]
[Date "2011.02.13"]
[Round "6.1"]
[White "Bellahcene, Bilel"]
[Black "Buttenmueller, Thomas"]
[Result "1-0"]
[WhiteElo "2137"]
[BlackElo "2170"]
[PlyCount "53"]
[EventDate "2010.10.17"]
[EventType "team-tourn"]
[EventRounds "9"]
[EventCountry "GER"]
[SourceTitle "EXT 2012"]
[Source "ChessBase"]
[SourceDate "2011.11.24"]
[SourceVersion "1"]
[SourceVersionDate "2011.11.24"]
[SourceQuality "1"]
[WhiteTeam "Baden-Baden IV"]
[BlackTeam "Horben"]
[WhiteTeamCountry "GER"]
[BlackTeamCountry "GER"]

1. e4 c5 2. Nf3 d6 3. d4 cxd4 4. Nxd4 Nf6 5. Nc3 a6 6. Bg5 e6 7. f4 Be7 8. Qf3 Nbd7 9. 0-0-0 Qc7 10. g4 b5 11. Bxf6 Nxf6 12. g5 Nd7 13. f5 Nc5 14. f6 gxf6 15. gxf6 Bf8 16. Rg1 h5 17. Rg7 Bd7 18. e5 Rb8 19. exd6 Bxd6 20. Kb1 Bf8 21. Bh3 b4 22. Ne4 Qb7 23. Nxc5 Bxc5 24. Qg3 h4 25. Qg5 Bf8 26. Nxe6 Bxe6 27. Bxe6 1-0

[Event "Verbandsliga Sued Baden 1011"]
[Site "Baden"]
[Date "2010.11.21"]
[Round "3.1"]
[White "Buttenmueller, Thomas"]
[Black "Weindl, Alfred"]
[Result "0-1"]
[WhiteElo "2170"]
[BlackElo "2369"]
[PlyCount "34"]
[EventDate "2010.10.17"]
[EventType "team-tourn"]
[EventRounds "9"]
[EventCountry "GER"]
[SourceTitle "EXT 2012"]
[Source "ChessBase"]
[SourceDate "2011.11.24"]
[SourceVersion "1"]
[SourceVersionDate "2011.11.24"]
[SourceQuality "1"]
[WhiteTeam "Horben"]
[BlackTeam "Gottmadingen"]
[WhiteTeamCountry "GER"]
[BlackTeamCountry "GER"]

1. d4 Nf6 2. Nf3 g6 3. Bf4 Bg7 4. e3 0-0 5. Be2 d6 6. h3 Nfd7 7. 0-0 e5 8. Bh2 Nc6 9. c4 exd4 10. exd4 Qf6 11. d5 Nd4 12. Nc3 Nxe2+ 13. Qxe2 Nc5 14. Nb5 Bf5 15. Rad1 Rae8 16. Qd2 a6 17. Nxc7 Rc8 0-1

[Event "Verbandsliga Sued Baden 0910"]
[Site "Germany"]
[Date "2010.03.07"]
[Round "7.4"]
[White "Richter, Klaus1111"]
[Black "Buttenmueller, Thomas"]
[Result "0-1"]
[WhiteElo "2083"]
[BlackElo "2170"]
[PlyCount "77"]
[EventDate "2009.10.11"]
[EventType "team-tourn"]
[EventRounds "9"]
[EventCountry "GER"]
[SourceTitle "EXT 2011"]
[Source "ChessBase"]
[SourceDate "2010.11.26"]
[SourceVersion "1"]
[SourceVersionDate "2010.11.26"]
[SourceQuality "1"]
[WhiteTeam "Donaueschingen"]
[BlackTeam "Horben"]
[WhiteTeamCountry "GER"]
[BlackTeamCountry "GER"]

1. e4 c5 2. Nf3 a6 3. d4 cxd4 4. Nxd4 e5 5. Nb3 Nf6 6. Bg5 d6 7. Be2 Be7 8. Nc3 Be6 9. Qd2 Nbd7 10. Rd1 0-0 11. 0-0 b5 12. a3 Rc8 13. Bxf6 Nxf6 14. Bf3 Qc7 15. Rfe1 Rfd8 16. Nc1 a5 17. Nxb5 Qxc2 18. Nc3 Qxd2 19. Rxd2 Rb8 20. h3 Rb7 21. Nd5 Nxd5 22. exd5 Bf5 23. Be4 Bg5 24. Rc2 Bxe4 25. Rxe4 Bxc1 26. Rxc1 Rxb2 27. Ra4 Rb5 28. Rc6 Rxd5 29. Ra6 f6 30. R4xa5 Rxa5 31. Rxa5 Rd7 32. Kf1 Kf7 33. Ke2 Ke6 34. Rb5 Ra7 35. Rb3 d5 36. Rb6+ Kf5 37. Rb3 Ke4 38. Rb4+ d4 39. Kd2 0-1

[Event "Verbandsliga Sued Baden 0910"]
[Site "Germany"]
[Date "2010.01.10"]
[Round "5.4"]
[White "Schmidt, Jens Uwe"]
[Black "Buttenmueller, Thomas"]
[Result "0-1"]
[WhiteElo "2098"]
[BlackElo "2170"]
[PlyCount "108"]
[EventDate "2009.10.11"]
[EventType "team-tourn"]
[EventRounds "9"]
[EventCountry "GER"]
[SourceTitle "EXT 2011"]
[Source "ChessBase"]
[SourceDate "2010.11.26"]
[SourceVersion "1"]
[SourceVersionDate "2010.11.26"]
[SourceQuality "1"]
[WhiteTeam "Lahr"]
[BlackTeam "Horben"]
[WhiteTeamCountry "GER"]
[BlackTeamCountry "GER"]

1. e4 c5 2. Nc3 Nc6 3. g3 g6 4. Bg2 Bg7 5. d3 e6 6. Be3 d6 7. Qd2 Rb8 8. Nge2 Nd4 9. 0-0 Ne7 10. Bh6 Nxe2+ 11. Nxe2 0-0 12. Bxg7 Kxg7 13. d4 Qc7 14. Rad1 b6 15. Rfe1 Bb7 16. Qc3 Kg8 17. h4 h5 18. Qe3 d5 19. c3 dxe4 20. Bxe4 Rbd8 21. dxc5 Bxe4 22. Qxe4 Qxc5 23. b4 Qc7 24. c4 Nf5 25. c5 bxc5 26. Rc1 Rd5 27. Qc4 Rc8 28. Nf4 Re5 29. Rxe5 Qxe5 30. bxc5 Nd4 31. Rd1 Nf3+ 32. Kg2 Rxc5 33. Rd8+ Kh7 34. Qb4 Qc7 35. Rd7 Qxd7 36. Qxc5 Qb7 37. Kf1 Qb1+ 38. Kg2 Ne1+ 39. Kh2 Qxa2 40. Qe3 Nc2 41. Qc3 Qa4 42. Qc7 Kg8 43. Qb8+ Kg7 44. Qe5+ Kf8 45. Qb8+ Ke7 46. Qc7+ Kf6 47. Qd8+ Kg7 48. Qg5 Qd4 49. Nxh5+ Kf8 50. Qh6+ Kg8 51. Nf4 Qxf2+ 52. Kh3 Ne3 53. Qg5 Qf3 54. Qd8+ Kg7 0-1